[Event "Monsaraz Rapid op"]
[Site "Monsaraz"]
[Date "2023.11.25"]
[Round "1"]
[White "Bernadskiy, Vitaliy"]
[Black "Silva, Tiago Alexandre Pin"]
[Result "1-0"]
[WhiteElo "2546"]
[BlackElo "1875"]
[PlyCount "81"]
[EventDate "2023.11.25"]
[EventType "swiss (rapid)"]
[EventRounds "9"]
[EventCountry "POR"]
[SourceTitle "CB48_2023"]
[SourceDate "2023.11.29"]
[SourceVersion "1"]
[SourceVersionDate "2023.11.29"]
[SourceQuality "1"]

1. d4 Nf6 2. Nf3 d5 3. c4 e6 4. g3 dxc4 5. Bg2 c5 6. Qa4+ Bd7 7. Qxc4 b5 8. Qd3 c4 9. Qd1 Bc6 10. 0-0 Be7 11. Nc3 0-0 12. Qc2 Nbd7 13. Rd1 Nb6 14. Bg5 b4 15. Bxf6 Bxf6 16. Ne4 Bxe4 17. Qxe4 Qd5 18. Qc2 Rac8 19. e3 Qb5 20. Nd2 Rfd8 21. Bf1 Qc6 22. Rac1 c3 23. bxc3 Qxc3 24. Qxc3 Rxc3 25. Rxc3 bxc3 26. Ne4 Nd5 27. Bc4 Rc8 28. Bxd5 exd5 29. Nxf6+ gxf6 30. Rc1 Rc4 31. Kf1 Ra4 32. Rxc3 Rxa2 33. Rc5 a5 34. Rxd5 a4 35. Ra5 a3 36. g4 Kg7 37. Kg2 Ra1 38. h4 a2 39. Kf3 Kg6 40. h5+ Kg7 41. Ra8 1-0

[Event "Guimaraes op 3rd"]
[Site "Guimaraes"]
[Date "2019.08.31"]
[Round "6"]
[White "Garcia Dorado, Alberto"]
[Black "Silva, Tiago Alexandre Pin"]
[Result "1-0"]
[WhiteElo "2205"]
[BlackElo "1833"]
[PlyCount "45"]
[EventDate "2019.08.28"]
[EventType "swiss"]
[EventRounds "7"]
[EventCountry "POR"]
[SourceTitle "EXT 2020"]
[Source "ChessBase"]
[SourceDate "2019.10.17"]
[SourceVersion "1"]
[SourceVersionDate "2019.10.17"]
[SourceQuality "1"]

1. Nf3 Nf6 2. g3 e6 3. Bg2 d5 4. d4 Be7 5. c4 0-0 6. 0-0 dxc4 7. Ne5 c5 8. dxc5 Bxc5 9. Nxc4 Nc6 10. Nc3 h6 11. Bf4 Nh5 12. Bd6 Bxd6 13. Qxd6 Qxd6 14. Nxd6 Nd4 15. e3 Nf5 16. Nxc8 Nf6 17. e4 Raxc8 18. exf5 exf5 19. Rad1 b6 20. Rd4 Rfd8 21. Rxd8+ Rxd8 22. Rd1 Rxd1+ 23. Nxd1 1-0

[Event "Guimaraes op 3rd"]
[Site "Guimaraes"]
[Date "2019.08.30"]
[Round "4"]
[White "Jimenez Martinez, Jose Vicente"]
[Black "Silva, Tiago Alexandre Pin"]
[Result "1-0"]
[WhiteElo "2264"]
[BlackElo "1833"]
[PlyCount "141"]
[EventDate "2019.08.28"]
[EventType "swiss"]
[EventRounds "7"]
[EventCountry "POR"]
[SourceTitle "EXT 2020"]
[Source "ChessBase"]
[SourceDate "2019.10.17"]
[SourceVersion "1"]
[SourceVersionDate "2019.10.17"]
[SourceQuality "1"]

1. d4 Nf6 2. c4 e6 3. Nc3 d5 4. Nf3 Be7 5. Bg5 0-0 6. e3 b6 7. cxd5 Nxd5 8. Bxe7 Qxe7 9. Nxd5 exd5 10. Rc1 Bb7 11. Bd3 g6 12. h4 c5 13. b3 Nc6 14. Be2 cxd4 15. Nxd4 Qb4+ 16. Qd2 Qxd2+ 17. Kxd2 Nxd4 18. exd4 Rac8 19. Bg4 f5 20. Bf3 Kf7 21. Rhe1 Rfd8 22. h5 Rh8 23. Rh1 g5 24. g3 h6 25. Rhe1 Kf6 26. Rxc8 Rxc8 27. Re5 Rd8 28. Bg2 Ba8 29. Bh3 g4 30. Bg2 Bb7 31. Ke3 Kg5 32. f4+ Kf6 33. Bf1 Bc8 34. Kd2 Be6 35. a4 a5 36. Bd3 Rc8 37. Re1 Rc7 38. Bb5 Bf7 39. Rb1 Bxh5 40. b4 axb4 41. Rxb4 Bf7 42. Bd3 Rc6 43. Ba6 Ke7 44. Rb1 Re6 45. Bd3 Kf6 46. Rc1 Bg6 47. Rc8 Re8 48. Rc7 Re7 49. Rc1 Re6 50. Bc2 Rc6 51. Rb1 Be8 52. Bb3 Bf7 53. Re1 Be6 54. Re5 Rd6 55. Kc3 Ke7 56. Kb4 Kd7 57. Bc2 Rc6 58. Kb3 Rc4 59. Bd3 Rxd4 60. Kc3 Rxd3+ 61. Kxd3 Kd6 62. Kd4 h5 63. Re1 Bd7 64. Rb1 Bxa4 65. Rxb6+ Bc6 66. Ra6 Kc7 67. Kc5 Bd7 68. Rh6 Be8 69. Rh7+ Kd8 70. Kxd5 Bg6 71. Rh6 1-0

[Event "Lisbon Portugal op"]
[Site "Lisbon"]
[Date "2019.02.02"]
[Round "1"]
[White "Li, Xueyi"]
[Black "Silva, Tiago Alexandre Pin"]
[Result "1-0"]
[WhiteElo "2217"]
[BlackElo "1750"]
[PlyCount "57"]
[EventDate "2019.02.02"]
[EventType "swiss"]
[EventRounds "9"]
[EventCountry "POR"]
[SourceTitle "CBM 188 Extra"]
[Source "ChessBase"]
[SourceDate "2019.02.26"]
[SourceVersion "1"]
[SourceVersionDate "2019.02.26"]
[SourceQuality "1"]

1. Nf3 Nf6 2. d4 e6 3. c4 d5 4. g3 Be7 5. Bg2 0-0 6. 0-0 dxc4 7. Qc2 a6 8. a4 c5 9. dxc5 Qc7 10. Qxc4 Qxc5 11. Qb3 Qd5 12. Qc2 Qe4 13. Qd1 Nc6 14. Nc3 Qb4 15. Qc2 Rd8 16. b3 Qb6 17. Be3 Bc5 18. a5 Qa7 19. Nb5 axb5 20. Bxc5 Qa6 21. Rfc1 Bd7 22. b4 Rdc8 23. Qb2 Ne4 24. Bb6 Nd6 25. Qd2 Nc4 26. Qxd7 Rd8 27. Bxd8 Rxd8 28. Qc7 e5 29. Nxe5 1-0

[Event "POR-ch Amateur U2000"]
[Site "Braga"]
[Date "2018.09.06"]
[Round "1"]
[White "Ribeiro, Rodrigo"]
[Black "Silva, Tiago Alexandre Pin"]
[Result "1-0"]
[WhiteElo "1696"]
[BlackElo "1753"]
[PlyCount "115"]
[EventDate "2018.09.06"]
[EventType "swiss"]
[EventRounds "5"]
[EventCountry "POR"]
[SourceTitle "EXT 2024"]
[Source "ChessBase"]
[SourceDate "2023.10.10"]
[SourceVersion "1"]
[SourceVersionDate "2023.10.10"]
[SourceQuality "1"]

1. d4 Nf6 2. c4 e6 3. Nc3 d5 4. Bg5 Be7 5. Nf3 0-0 6. e3 b6 7. Be2 Bb7 8. 0-0 Nbd7 9. a3 c5 10. dxc5 Nxc5 11. cxd5 Nxd5 12. Bxe7 Qxe7 13. Nxd5 Bxd5 14. b4 Rfd8 15. Qc2 Nb3 16. Rad1 Rac8 17. Qb2 Qf6 18. Qxf6 gxf6 19. Nd4 Nxd4 20. Rxd4 Bb7 21. Rfd1 Rxd4 22. Rxd4 Rc1+ 23. Rd1 Rc3 24. Ra1 a6 25. h3 Kf8 26. a4 Ke7 27. b5 a5 28. Rd1 e5 29. Bg4 Rc7 30. Kh2 Bc8 31. Bxc8 Rxc8 32. Kg3 Rc4 33. Ra1 h5 34. Ra2 h4+ 35. Kf3 f5 36. g3 f6 37. gxh4 Rxh4 38. Kg3 Rc4 39. h4 Rc1 40. Kg2 Rc4 41. Kg3 Rc1 42. f3 Ke6 43. h5 Rh1 44. Rc2 Rxh5 45. Rc6+ Ke7 46. Rxb6 f4+ 47. exf4 exf4+ 48. Kg4 Rd5 49. Ra6 f5+ 50. Kg5 Kd7 51. Rxa5 Kc8 52. Kxf4 Kb7 53. Ra6 Rc5 54. Kg5 Rd5 55. Rf6 Rd4 56. a5 Rd7 57. Rxf5 Ka7 58. f4 1-0

[Event "POR-ch U16"]
[Site "Luso"]
[Date "2018.03.27"]
[Round "6"]
[White "Silva, Tiago Alexandre Pin"]
[Black "Maciel, Rafael Figueiredo C"]
[Result "1-0"]
[WhiteElo "1753"]
[BlackElo "1428"]
[PlyCount "131"]
[EventDate "2018.03.24"]
[EventType "swiss"]
[EventRounds "7"]
[EventCountry "POR"]
[SourceTitle "EXT 2019"]
[Source "ChessBase"]
[SourceDate "2018.10.10"]
[SourceVersion "1"]
[SourceVersionDate "2018.10.10"]
[SourceQuality "1"]

1. c4 e5 2. Nc3 Nc6 3. g3 Nf6 4. Bg2 d6 5. d3 Be7 6. Rb1 a5 7. a3 Be6 8. e4 0-0 9. Nge2 Qd7 10. h3 Na7 11. f4 Qc6 12. Be3 Rfe8 13. 0-0 Qa6 14. g4 c6 15. f5 Bd7 16. Ng3 h6 17. Kh2 b5 18. b3 a4 19. cxb5 Nxb5 20. Nxb5 Qxb5 21. b4 Rab8 22. g5 hxg5 23. Bxg5 Nh7 24. Bxe7 Rxe7 25. f6 Re6 26. fxg7 Rg6 27. Qf3 Be6 28. Nf5 Bxf5 29. Qxf5 Rxg7 30. Rf3 c5 31. Rbf1 Rf8 32. Rb1 cxb4 33. Rxb4 Qc6 34. Rf2 Qc3 35. Rxa4 Qxd3 36. Qf3 Qxf3 37. Rxf3 Ng5 38. Rg3 Ne6 39. Ra6 Rxg3 40. Kxg3 Rd8 41. h4 Ng7 42. Kg4 f6 43. Bf1 Kh7 44. Bc4 Kg6 45. Ra7 Kh6 46. Rf7 Nh5 47. Rb7 Ng7 48. a4 Ra8 49. Bb5 Kg6 50. Bd7 Kh6 51. Rb6 Ne8 52. a5 Nc7 53. Rxd6 Rxa5 54. Rxf6+ Kg7 55. Rc6 Ra7 56. Bf5 Ne8 57. Re6 Nf6+ 58. Kg5 Nh7+ 59. Bxh7 Kxh7 60. h5 Ra1 61. Rxe5 Rg1+ 62. Kf6 Kh6 63. Rf5 Ra1 64. e5 Ra6+ 65. e6 Kh7 66. Kf7 1-0

[Event "POR-ch U16"]
[Site "Luso"]
[Date "2018.03.24"]
[Round "1"]
[White "Antunes, Ana"]
[Black "Silva, Tiago Alexandre Pin"]
[Result "0-1"]
[WhiteElo "1213"]
[BlackElo "1753"]
[PlyCount "136"]
[EventDate "2018.03.24"]
[EventType "swiss"]
[EventRounds "7"]
[EventCountry "POR"]
[SourceTitle "EXT 2019"]
[Source "ChessBase"]
[SourceDate "2018.10.10"]
[SourceVersion "1"]
[SourceVersionDate "2018.10.10"]
[SourceQuality "1"]

1. e4 c5 2. Nf3 Nc6 3. d4 cxd4 4. Nxd4 g6 5. Be3 Bg7 6. Nc3 Nf6 7. Bb5 0-0 8. 0-0 Ng4 9. Qxg4 Nxd4 10. Bd3 d6 11. Qd1 Nc6 12. Qd2 Ne5 13. Bb5 a6 14. Be2 Be6 15. b3 Rc8 16. Bd4 Qa5 17. Rfd1 Rfe8 18. Na4 Qxd2 19. Rxd2 Bh6 20. Be3 Bxe3 21. fxe3 b5 22. Nb6 Rc5 23. Nd5 Kf8 24. Rc1 Rec8 25. Nf4 Bg4 26. Bf1 a5 27. Ne2 h5 28. Nd4 b4 29. h3 Bd7 30. Nf3 Nxf3+ 31. gxf3 a4 32. Kh2 axb3 33. axb3 Rc3 34. e5 Rxe3 35. exd6 e6 36. Kg2 Rxb3 37. cxb3 Rxc1 38. Rd4 e5 39. Rxb4 Bxh3+ 40. Kxh3 Rxf1 41. Kg2 Rd1 42. Rb6 Ke8 43. Rb5 f6 44. Rb8+ Kd7 45. Rg8 g5 46. Rh8 h4 47. Rh7+ Kxd6 48. Rb7 Rd3 49. Kf2 h3 50. Rh7 h2 51. Rxh2 Rd2+ 52. Kg3 Rxh2 53. Kxh2 f5 54. Kg3 Kc5 55. Kf2 Kb4 56. Ke3 Kxb3 57. Kd3 Kb4 58. Ke3 Kc3 59. Ke2 f4 60. Kf2 Kd2 61. Kg2 Ke2 62. Kh3 Kxf3 63. Kh2 g4 64. Kg1 Kg3 65. Kf1 Kh2 66. Kf2 e4 67. Ke2 g3 68. Kf1 g2+ 0-1

[Event "POR-ch U16"]
[Site "Luso"]
[Date "2017.04.09"]
[Round "2"]
[White "Silva, Tiago Alexandre Pin"]
[Black "Marques, Ricardo Martinho"]
[Result "1-0"]
[WhiteElo "1601"]
[BlackElo "1248"]
[PlyCount "81"]
[EventDate "2017.04.08"]
[EventType "swiss"]
[EventRounds "7"]
[EventCountry "POR"]
[SourceTitle "EXT 2018"]
[Source "ChessBase"]
[SourceDate "2017.10.13"]
[SourceVersion "1"]
[SourceVersionDate "2017.10.13"]
[SourceQuality "1"]

1. e4 e5 2. Nf3 Nc6 3. Bb5 a6 4. Ba4 Nf6 5. d3 Bc5 6. c3 b5 7. Bc2 0-0 8. 0-0 h6 9. Nbd2 d5 10. a4 Bg4 11. Re1 d4 12. Nf1 Nd7 13. h3 Bh5 14. Ng3 Bg6 15. Qe2 b4 16. c4 Qe7 17. Nf5 Qe6 18. N3h4 Bxf5 19. Nxf5 Ne7 20. Qg4 Nxf5 21. exf5 Qf6 22. a5 Bd6 23. Bd2 c5 24. Ba4 Nb8 25. Re4 Ra7 26. Qf3 Kh7 27. Rg4 g6 28. fxg6+ fxg6 29. Qxf6 Rxf6 30. Rh4 g5 31. Bxg5 Rg6 32. Bd2 Rag7 33. g4 Nd7 34. Kf1 Nf8 35. g5 Be7 36. Rxh6+ Rxh6 37. gxh6 Rg6 38. Re1 Bg5 39. Bxg5 Rxg5 40. Bc6 Rg6 41. Be4 1-0

[Event "POR-ch U14"]
[Site "Luso"]
[Date "2015.07.23"]
[Round "2"]
[White "Silva, Tiago Alexandre Pin"]
[Black "Silva, Joao Miguel Pereira"]
[Result "1/2-1/2"]
[WhiteElo "1294"]
[BlackElo "1480"]
[PlyCount "102"]
[EventDate "2015.07.22"]
[EventType "swiss"]
[EventRounds "7"]
[EventCountry "POR"]
[SourceTitle "EXT 2018"]
[Source "ChessBase"]
[SourceDate "2017.10.13"]
[SourceVersion "1"]
[SourceVersionDate "2017.10.13"]
[SourceQuality "1"]

1. e4 c6 2. d4 d5 3. exd5 cxd5 4. Nc3 Bf5 5. Nf3 Nc6 6. Bf4 a6 7. Be2 e6 8. 0-0 Nf6 9. a3 Bd6 10. Bxd6 Qxd6 11. Qd2 0-0 12. Nh4 Bg6 13. Nxg6 hxg6 14. Rad1 b5 15. b4 Nd7 16. Bf3 Nb6 17. Ne2 Nc4 18. Qc3 a5 19. Rb1 axb4 20. axb4 Ra4 21. Nc1 Nxb4 22. Nd3 Nxd3 23. Qxd3 b4 24. Qb3 Ra3 25. Qxb4 Qxb4 26. Rxb4 Nd2 27. Rc1 Nxf3+ 28. gxf3 Rxf3 29. c4 dxc4 30. Rcxc4 Rf5 31. Kf1 Rd8 32. Rb3 Rf4 33. Rd3 e5 34. dxe5 Rxd3 35. Rxf4 f5 36. Rc4 Rd5 37. f4 g5 38. e6 Kf8 39. fxg5 g6 40. Rc8+ Ke7 41. Rg8 Kxe6 42. Rxg6+ Kf7 43. Rf6+ Kg7 44. Ke2 Rd4 45. Rxf5 Kg6 46. Rf3 Kxg5 47. Rc3 Ra4 48. Kd3 Ra2 49. h3 Kh4 50. Kc4 Rh2 51. Kb4 Rxh3 1/2-1/2

[Event "Lisbon Check Mate op 1st"]
[Site "Lisbon"]
[Date "2013.08.13"]
[Round "5.23"]
[White "Rodrigues, Luis Eugenio"]
[Black "Silva, Tiago Alexandre Pin"]
[Result "1-0"]
[WhiteElo "1682"]
[BlackElo "1372"]
[PlyCount "151"]
[EventDate "2013.08.10"]
[EventType "swiss"]
[EventRounds "7"]
[EventCountry "POR"]
[SourceTitle "EXT 2015"]
[Source "ChessBase"]
[SourceDate "2014.11.20"]
[SourceVersion "1"]
[SourceVersionDate "2014.11.20"]
[SourceQuality "1"]

1. e4 e5 2. Nf3 Nc6 3. Bc4 Bc5 4. 0-0 Nf6 5. c3 Nxe4 6. Bd5 Nxf2 7. Rxf2 Bxf2+ 8. Kxf2 Qf6 9. Qe2 d6 10. Kg1 Bd7 11. d4 0-0 12. dxe5 Nxe5 13. Bxb7 Rab8 14. Bd5 c6 15. Nxe5 Qxe5 16. Qxe5 dxe5 17. Bb3 Rbd8 18. Be3 Be6 19. Nd2 a6 20. Nf3 e4 21. Ne5 Bd5 22. Rf1 Bxb3 23. axb3 Rc8 24. b4 f6 25. Nd7 Rfe8 26. Ra1 Ra8 27. Nb6 Ra7 28. Nc4 Raa8 29. Na5 Rec8 30. Rd1 Rd8 31. Re1 Rac8 32. Kf2 f5 33. g3 h6 34. Ke2 g5 35. Rf1 Rf8 36. Nb7 Rf6 37. Nc5 Ra8 38. Nxe4 Re6 39. Nd2 Rae8 40. Nc4 Re4 41. Kd3 Rd8+ 42. Bd4 Rf8 43. Rxf5 Rxf5 44. Kxe4 Rf7 45. h4 Kh7 46. hxg5 hxg5 47. Ne5 Re7 48. Kf5 Rc7 49. Kxg5 Kg8 50. Kf6 Rg7 51. g4 Rc7 52. Ke6 Kf8 53. Kd6 Rc8 54. Kd7 Re8 55. Bc5+ Kg8 56. Kxe8 Kg7 57. Nxc6 Kg6 58. Nb8 Kg5 59. Nxa6 Kxg4 60. b5 Kf5 61. b6 Ke5 62. b7 Kf6 63. b8Q Ke6 64. Qc7 Kf5 65. Qd6 Kg5 66. Qe6 Kh5 67. Qf6 Kg4 68. Kf7 Kg3 69. Qf5 Kg2 70. Qf4 Kh1 71. Qg4 Kh2 72. Kf6 Kh1 73. Kf5 Kh2 74. Kf4 Kh1 75. Kf3 Kh2 76. Qg2# 1-0